Historia de las instituciones políticas y sociales de Chile
Uloženo v:
| Hlavní autor: | |
|---|---|
| Médium: | Kniha |
| Jazyk: | španělština |
| Vydáno: |
Santiago, Chile
Universitaria
1984
|
| Vydání: | Sexta edición |
| Edice: | Colección Imagen de Chile
|
| Témata: | |
| Tagy: |
Přidat tag
Žádné tagy, Buďte první, kdo vytvoří štítek k tomuto záznamu!
|
MARC
| LEADER | 00000nam a2200000 a 4500 | ||
|---|---|---|---|
| 001 | UCZ0089 | ||
| 003 | CL-VaPUC | ||
| 005 | 20231215105920.0 | ||
| 008 | 950724e19840000CL |||||||||||||||||spa|d | ||
| 999 | |c 237062 |d 237060 | ||
| 040 | |c Pontificia Universidad Católica de Valparaíso | ||
| 082 | 0 | 4 | |a 983 EYZ 1984 |2 21 |
| 100 | |a Eyzaguirre Gutiérrez, Jaime |e autor |9 584583 | ||
| 245 | 1 | 0 | |a Historia de las instituciones políticas y sociales de Chile |
| 250 | |a Sexta edición | ||
| 260 | |a Santiago, Chile |b Universitaria |c 1984 | ||
| 300 | |a 213 páginas | ||
| 490 | 0 | |a Colección Imagen de Chile | |
| 583 | |a last modification |c 19950724 00:00:00 |k Rodrigo Vera | ||
| 650 | 0 | |a Historia |z CHILE |9 255047 | |
| 650 | 0 | |a Formas de gobierno |z CHILE |9 255257 | |
| 650 | 0 | |a Instituciones políticas |z CHILE |9 255506 | |
| 852 | |a BIBCUR | ||
| 942 | |c BK |2 ddc | ||
| 945 | |d 19950724 00:00:00 |a cmena | ||
| 952 | |0 0 |1 0 |2 ddc |4 0 |6 983_000000000000000_EYZ_1984 |7 0 |8 A |9 245777 |a BIBEDU |b BIBEDU |d 2019-11-18 |i 1542613 |l 2 |m 2 |o 983 EYZ 1984 |p 1542613 |r 2024-11-30 |s 2024-10-19 |t 4 |w 2019-11-18 |y BK |k EDU | ||
| 952 | |0 0 |1 0 |2 ddc |4 0 |6 983_000000000000000_EYZ_1984 |7 0 |8 A |9 245778 |a BIBHIS |b BIBHIS |d 2019-11-18 |i 1251430 |o 983 EYZ 1984 |p 1251430 |r 2025-01-20 |t 1 |w 2019-11-18 |y BK |k HIS | ||
| 952 | |0 0 |1 0 |2 ddc |4 0 |6 983_000000000000000_EYZ_1984 |7 0 |8 A |9 245779 |a BIBHIS |b BIBHIS |d 2019-11-18 |i 1251457 |o 983 EYZ 1984 |p 1251457 |r 2025-01-20 |t 2 |w 2019-11-18 |y BK |k HIS | ||
| 952 | |0 0 |1 0 |2 ddc |4 0 |6 983_000000000000000_EYZ_1984 |7 0 |8 A |9 245780 |a BIBHIS |b BIBHIS |d 2019-11-18 |i 1251449 |o 983 EYZ 1984 |p 1251449 |r 2025-01-20 |t 3 |w 2019-11-18 |y BK |k HIS | ||